000 00750nam 22002173 4500
001 202819
010 _a978-972-31-1554-3
021 _aPT
_b390112/15
090 _a202819
100 _a20260701d u||y0pory50 ba
200 _aGestão estratégica de cidades e regiões
_f António Fonseca Ferreira
205 _a3ª revista e atualizada
210 _a[Lisboa]
_cFundação Calouste Gulbenkian
_d2015
215 _a375 p.
_cil. ; brochado
_d25 cm
225 _aManuais universitários
606 _95251
_aPlaneamento Territorial, fisico. Planeamento regional, urbano, e rural. Paisagens, Parques, jardins
675 _a71
_vPT
_zpor
700 _917674
_aFerreira
_bAntónio Fonseca
_f1943-2019
801 _aPT
_bBMMN
_gRPC
830 _cVanda
990 _cLIVROS